000 00420nam a2200169Ia 4500
005 20240823043130.0
008 240823s9999||||xx |||||||||||||| ||und||
041 _aENGLISH
082 _A519.4 P9
100 _aSingaravelu A.
245 0 _aNumerical Methods
250 _a11th
260 _c2009
_b"Meenakshi Agency,Ch"
_aChennai
500 _aTRANSFERED
650 _aNumerical Methods
_bMathematics
942 _cBK
999 _c209508
_d209508